Eastern Utah Libraries Catalog: Duchesne, Heber, Roosevelt, & Vernal

Dangerous games : (Record no. 373352)

MARC details
000 -LEADER
fixed length control field 03132cam a22003498i 4500
001 - CONTROL NUMBER
control field BK0018979601
003 - CONTROL NUMBER IDENTIFIER
control field DLC
005 - DATE AND TIME OF LATEST TRANSACTION
control field 20220505045313.0
008 - FIXED-LENGTH DATA ELEMENTS--GENERAL INFORMATION
fixed length control field 160928s2017 nyu 000 1 eng d
010 ## - LIBRARY OF CONGRESS CONTROL NUMBER
LC control number 9781524756468
020 ## - INTERNATIONAL STANDARD BOOK NUMBER
International Standard Book Number 9781524756468
040 ## - CATALOGING SOURCE
Original cataloging agency DLC
Language of cataloging eng
Description conventions rda
Transcribing agency DLC
Modifying agency NjBwBT
082 00 - DEWEY DECIMAL CLASSIFICATION NUMBER
Classification number F Steel
092 ## - LOCALLY ASSIGNED DEWEY CALL NUMBER (OCLC)
Classification number F Steel
100 1# - MAIN ENTRY--PERSONAL NAME
Personal name Steel, Danielle,
Relator term author.
245 10 - TITLE STATEMENT
Title Dangerous games :
Remainder of title a novel /
Statement of responsibility, etc Danielle Steel.
264 #1 - Production, Publication, Distribution, Manufacture, and Copyright Notice.
Place of production, publication, distribution, manufacture New York :
Name of producer, publisher, distributor, manufacturer Delacorte Press,
Date of production, publication, distribution, manufacture, or copyr [2017]
300 ## - PHYSICAL DESCRIPTION
Extent Large Print
336 ## - Content Type
Content type term text
337 ## - Media type
Media type term unmediated
338 ## - Carrier type
Carrier type term volume
520 ## - SUMMARY, ETC.
Summary, etc "Bringing together a cast of fascinating characters in a riveting tale of ambition and corruption, politics, passion, and ultimate justice, Dangerous Games is a thrilling drama from #1 New York Times bestselling author Danielle Steel. Television correspondent Alix Phillips dodges bullets and breaks rules to bring the most important news to the world--from riots in America to protests on the streets of Tehran. With her daughter in college, and working alongside cameraman Ben Chapman, a deeply private ex-Navy SEAL, Alix revels in the risks and whirlwind pace of her work. But her latest assignment puts her at the center of an explosive story that will reshape many lives, including her own: investigating damning allegations involving the vice president of theUnited States, Tony Clark. Alix starts with a nationally revered woman who may be the key to exposing frightening secrets. Olympia Foster is the fragile, reclusive widow of America's most admired senator, who had been destined for the presidency beforean assassin's bullet felled him. Since then, Olympia has found emotional support from Clark, who once wanted her as his wife and now stands as her protector and confidant. When Alix begins to dig deeper, federal agents pick up the trail. Then the threatsbegin. As the stakes rise in this dangerous game, Alix needs Ben's help as never before. And soon they realize they are grappling with an adversary far more sinister than they had imagined"--
520 ## - SUMMARY, ETC.
Summary, etc "In this timely and intriguing novel, a TV journalist and ex-Navy SEAL delve deep under the surface of political influence and power to uncover the corruption that lies beneath. Risk-taking investigative television journalist Alix Phillips dashes from hotspot to hot spot around the world in the company of her equally intrepid camerman, ex-Navy SEAL Ben Chapman. Alix and Ben put their lives--and their hearts--on the line in a perilous assignment that has them in pursuit of a corrupt Vice President linkedto the revered widow of a visionary, assassinated scion of a powerful political family"--
648 ## - SUBJECT ADDED ENTRY--CHRONOLOGICAL TERM
Source of heading or term Large Print
Form subdivision Fiction
9 (RLIN) 6447513
650 #0 - SUBJECT ADDED ENTRY--TOPICAL TERM
Topical term or geographic name as entry element Investigative reporting
Form subdivision Fiction.
9 (RLIN) 5720299
650 #7 - SUBJECT ADDED ENTRY--TOPICAL TERM
Topical term or geographic name as entry element FICTION / Contemporary Women.
Source of heading or term bisacsh
9 (RLIN) 5676127
650 #7 - SUBJECT ADDED ENTRY--TOPICAL TERM
Topical term or geographic name as entry element FICTION / Sagas.
Source of heading or term bisacsh
9 (RLIN) 5683731
650 #7 - SUBJECT ADDED ENTRY--TOPICAL TERM
Topical term or geographic name as entry element FICTION / Romance / Contemporary.
Source of heading or term bisacsh
9 (RLIN) 5679126
655 #7 - INDEX TERM--GENRE/FORM
Genre/form data or focus term Romantic suspense fiction.
Source of term gsafd
655 #7 - INDEX TERM--GENRE/FORM
Genre/form data or focus term Mystery fiction.
Source of term gsafd
942 ## - ADDED ENTRY ELEMENTS (KOHA)
Source of classification or shelving scheme Dewey Decimal Classification
Koha item type BOOK
Holdings
Withdrawn status Lost status Source of classification or shelving scheme Damaged status Not for loan Collection code Home library Current library Shelving location Date acquired Source of acquisition Total Checkouts Total Renewals Full call number Barcode Date last seen Date checked out Cost, replacement price Price effective from Koha item type
    Dewey Decimal Classification     Large Print Wasatch County Library Wasatch County Library First Floor 05/04/2022 Donation 3 2 F Steel 34301001493065 01/22/2026 12/15/2025 31.00 05/04/2022 BOOK
This project was made possible through a grant from the Institute of Museum and Library Service administered by the Utah State Library Division.

Wasatch County Library

  • 465 East 1200 South, Heber City, Utah 84032
  • Phone 435-654-1511 | Fax 435-654-6456

Hours

  • Monday - Friday 9:30 AM - 8:00 PM
  • Saturday 9:30 AM - 1:30 PM
  • Closed Sundays and Holidays